LEADER 01001nam a2200241 i 4500 001 000000247477 003 CaOOAMICUS 005 20160115000000.0 008 160115s1847 it u000 u ita u 013 $a226382 040 $aSeMil$bita 100 1 $aPorta, Carlo,$d<1776-1821>.$0(OLS)http://semarc/name/4108 245 10$aPoesie scelte in dialetto milanese /$cdi Carlo Porta e Tommaso Grossi. 250 $a2. Ed. 260 $aMilano :$bBorroni e Scotti,$c1847. 300 $a412 p., [1] c. di tav. :$bill., ritr. ;$c14 cm. 650 4$aPoesia dialettale - Milano.$0(OLS)http://semarc/subject/1291 700 1 $aGrossi, Tommaso,$d<1790-1853>.$0(OLS)http://semarc/name/11305 850 $aSeMil 852 $aSeMil$W1$xVenegono$y1$m1Q I 5 FA$j197823$B197823$CSeMilBibl$Z2$F208837 $8I 961 $aLascito: Colombo Card. Giovanni 996 $6245$aPoesie scelte in dialetto milanese$9(OLS)http://semarc/title/304595 996 $6260$aMilano :$bBorroni e Scotti$9(OLS)http://semarc/publisher/31266 LEADER 01406nam a2200217 4500 001 000000341500 003 CaOOAMICUS 005 20200813153009.0 008 200813s1779 sz a 000 u fre r 026 $aE.S. e-nt u.ur roco (3) 1779 (R) 040 $aSeMil$bita 245 00$aTome 11. Contenant la troisieme section de la seconde partie du traité des pêches. 264 1$aA Neuchatel :$bDe l'Imprimerie de la Société typographique,$c1779. 300 $a692 p., [36] carte di tav. :$bill. calcogr. ;$cfol. 500 $aSegn.: A-4R? 4S² 773 0 $aAcademie des sciences $tDescriptions des arts et métiers faites ou approuvées. Par Messieurs de l'Académie Royale des Sciences de Paris ... Par J. E. Bertrand ... Tome 1. [-20.].$dA Neuchatel : De l'Imprimerie de la Société typographique, 1771-1783.$bNouvelle edition publiée avec des observations, & augmentée de tout ce qui a été écrit de mieux sur ces matieres, en Allemagne, en Angleterre, en Suisse, en Italie$g11$w()341494 850 $aSeMil 852 $aSeMil$W1$xVenegono$y1$m3W VI 119 FA$j220614$B232502$CSeMilBibl$Z2$F232502 $8I 996 $6245$aTome 11. Contenant la troisieme section de la seconde partie du traité des pêches$9(OLS)http://semarc/title/430489 996 $6264$aA Neuchatel :$bDe l'Imprimerie de la Société typographique$9(OLS)http://semarc/publisher/56419